Datum a čas kvízu
21
Celkem bodů
Celkový počet nahraných bodů na tomto kvízu bez doplňovacích otázek.
10.
Pořadí na kvízu
Konečné umístění týmu na tomto kvízu.
Zaznamenané odpovědi
| # | Otázka | Odpověď | Body | Výsledky |
|---|---|---|---|---|
| 1. | Který obchodní řetězec minulý... | Billa | 0 | |
| 2. | Rádio svobodná Evropa/Rádio Sv... | v Maďarsku | 0 | |
| 3. | Jak se jmenuje nový film Dana... | Neporazitelní | 1 | |
| 4. | Automobilka Ford oznámila, že... | Focus | 0 | |
| 5. | Americký prezident Donald Trum... | s Cristianem Ronaldem | 1 | |
| 6. | Za půl bodu uveďte název ameri... | Bratrstvo neohrožených/Band of Brothers; rota E/Easy Company | 0 | |
| 7. | Seřaďte následující vojenské h... | 1D 2A 3C 4B | 0 | |
| 8. | Po půl bodu uveďte jméno inter... | Karel Kryl; Píseň neznámého vojína | 1 | |
| 9. | Uveďte jméno zobrazeného česko... | Alois Eliáš | 0 | |
| 10. | Ve kterém satirickém románu vy... | Hlava XXII (Catch-22) | 0 |